000 00713nam a22002532 4500
001 74683
003 BD-RjUL
005 20211209082604.0
008 181119s1958 enka 000 0 eng d
035 _aOCLC ocm14592166 from D971112M
035 _a(BD-RjUL)74901
040 _aNLM
_cNLM
_dCUV
_dUKM
_dEQO
_dBD-RjUL
_beng
041 _aeng
060 0 _aQD 261
_bW686s 1958
082 0 4 _223
_a547
_bWIS 1958
100 1 _aWilkinson, James Henry.
_9225040
245 1 0 _aSemi-micro organic preparations /
_cJ.H. Wilkinson
250 _a2d ed.
260 _aEdinburgh :
_bOliver and Boyd,
_c1958
300 _axii, 184 p.
_bill.
650 0 _aChemistry, Organic.
_9225041
942 _2ddc
_cBK
999 _c74683
_d74683